[Event "18. Open de Gros 2008"]
[Site "San Sebastián ESP"]
[Date "2008.09.25"]
[Round "7.8"]
[White "Tung, Siu Hung"]
[Black "Martin Alvarez, Inigo"]
[Result "0-1"]
[WhiteElo "1905"]
[BlackElo "2200"]
[PlyCount "72"]
[EventDate "2008.09.20"]
[EventType "swiss"]
[EventRounds "9"]
[EventCountry "ESP"]
[Source "lmi"]
[SourceDate "2008.09.20"]

1. e4 d6 2. d4 Nf6 3. Nc3 e5 4. Nf3 Nbd7 5. Be3 Be7 6. Be2 c6 7. h3 b5 8. a3 a6
9. O-O O-O 10. dxe5 dxe5 11. Qe1 Qc7 12. Rd1 Nc5 13. Nd2 Ne6 14. f3 Bc5 15. Bd3
Bxe3+ 16. Qxe3 Nf4 17. Rf2 Rd8 18. Nf1 Qa7 19. Rfd2 Qxe3+ 20. Nxe3 Be6 21. Bf1
Rxd2 22. Rxd2 Kf8 23. Kh2 Ke7 24. g3 Ng6 25. Bg2 Rd8 26. Rd3 Rxd3 27. cxd3 Kd6
28. f4 exf4 29. gxf4 Nxf4 30. d4 Nxg2 31. e5+ Kc7 32. Kxg2 Nd5 33. Ncxd5+ cxd5
34. Kg3 b4 35. axb4 Kc6 36. b3 Kb5 0-1

[Event "18. Open de Gros 2008"]
[Site "San Sebastián ESP"]
[Date "2008.09.25"]
[Round "7.9"]
[White "Sanz Perez, Eduardo"]
[Black "Zubia Aramburu, Mikel"]
[Result "1-0"]
[WhiteElo "2154"]
[BlackElo "1901"]
[PlyCount "35"]
[EventDate "2008.09.20"]
[EventType "swiss"]
[EventRounds "9"]
[EventCountry "ESP"]
[Source "lmi"]
[SourceDate "2008.09.20"]

1. e4 c6 2. d4 d5 3. Nc3 dxe4 4. Nxe4 Nf6 5. Nxf6+ exf6 6. Bc4 Nd7 7. Ne2 Bd6
8. O-O Qc7 9. Ng3 O-O 10. Qh5 Nb6 11. Bd3 g6 12. Qh6 Re8 13. Nh5 gxh5 14. Bxh7+
Kh8 15. Bg6+ Kg8 16. Qh7+ Kf8 17. Bh6+ Ke7 18. Qxf7+ 1-0

[Event "18. Open de Gros 2008"]
[Site "San Sebastián ESP"]
[Date "2008.09.25"]
[Round "7.10"]
[White "Cantabrana Garona, Alejandro"]
[Black "Lakunza Oyarbide, Juan Carlos"]
[Result "0-1"]
[WhiteElo "1824"]
[BlackElo "2122"]
[PlyCount "58"]
[EventDate "2008.09.20"]
[EventType "swiss"]
[EventRounds "9"]
[EventCountry "ESP"]
[Source "lmi"]
[SourceDate "2008.09.20"]

1. d4 Nf6 2. Nf3 d5 3. e3 Bg4 4. c4 e6 5. Nbd2 Nbd7 6. Be2 c6 7. b3 Bd6 8. Bb2
O-O 9. Ne5 Bxe2 10. Qxe2 Ne4 11. Nxe4 dxe4 12. O-O Bxe5 13. dxe5 Qg5 14. f4
exf3 15. Rxf3 Rad8 16. Rg3 Qh4 17. Rf1 Rfe8 18. Rf4 Qe7 19. Qh5 g6 20. h4 Nf8
21. Qf3 Rd2 22. Ba3 Qxa3 23. Rxf7 Rd7 24. Rxd7 Nxd7 25. h5 Nf8 26. hxg6 hxg6
27. Qf6 Qe7 28. Rxg6+ Nxg6 29. Qxg6+ Kf8 0-1

[Event "18. Open de Gros 2008"]
[Site "San Sebastián ESP"]
[Date "2008.09.25"]
[Round "7.11"]
[White "Maruejols, Claude"]
[Black "Zaballa Zarzosa, Jon"]
[Result "1/2-1/2"]
[WhiteElo "2044"]
[BlackElo "1802"]
[PlyCount "59"]
[EventDate "2008.09.20"]
[EventType "swiss"]
[EventRounds "9"]
[EventCountry "ESP"]
[Source "lmi"]
[SourceDate "2008.09.20"]

1. d4 Nf6 2. c4 g6 3. Nc3 d5 4. Nf3 Bg7 5. Qb3 dxc4 6. Qxc4 O-O 7. e4 c6 8. Be2
Be6 9. Qd3 Na6 10. a3 Nc7 11. O-O Nfe8 12. Be3 b5 13. Ne5 c5 14. Nc6 c4 15. Qd2
Qd6 16. d5 Bc8 17. Nxa7 Bd7 18. a4 b4 19. Ncb5 Nxb5 20. axb5 c3 21. bxc3 Bxc3
22. Qc2 Bxa1 23. Rxa1 Qe5 24. Rc1 Nd6 25. Bd3 Rxa7 26. Bxa7 Rc8 27. Qd2 Rxc1+
28. Qxc1 Nxb5 29. Be3 Qc3 30. Bxb5 1/2-1/2

[Event "18. Open de Gros 2008"]
[Site "San Sebastián ESP"]
[Date "2008.09.25"]
[Round "7.12"]
[White "Bello Castano, Diego"]
[Black "Veras Sanz, Jose Antonio"]
[Result "1/2-1/2"]
[WhiteElo "1887"]
[BlackElo "1671"]
[PlyCount "40"]
[EventDate "2008.09.20"]
[EventType "swiss"]
[EventRounds "9"]
[EventCountry "ESP"]
[Source "lmi"]
[SourceDate "2008.09.20"]

1. Nf3 Nf6 2. b3 g6 3. Bb2 Bg7 4. g3 O-O 5. d4 d5 6. Nbd2 c6 7. Bg2 Bg4 8. h3
Bxf3 9. Bxf3 Nbd7 10. e4 dxe4 11. Nxe4 Nxe4 12. Bxe4 Qc7 13. h4 Rad8 14. h5 Nc5
15. Bg2 Bxd4 16. Bxd4 e5 17. hxg6 fxg6 18. c3 exd4 19. cxd4 Qf7 20. O-O Na6
1/2-1/2

[Event "18. Open de Gros 2008"]
[Site "San Sebastián ESP"]
[Date "2008.09.25"]
[Round "7.13"]
[White "Sanchez Merino, Christian"]
[Black "Ezkerro Hernandez, Pablo"]
[Result "0-1"]
[WhiteElo "1666"]
[BlackElo "1836"]
[PlyCount "40"]
[EventDate "2008.09.20"]
[EventType "swiss"]
[EventRounds "9"]
[EventCountry "ESP"]
[Source "lmi"]
[SourceDate "2008.09.20"]

1. e4 e6 2. d4 d5 3. Nd2 c5 4. Ngf3 cxd4 5. Nxd4 Bc5 6. c3 Ne7 7. Bb5+ Nbc6 8.
Nxc6 Nxc6 9. exd5 Qxd5 10. Qf3 Bxf2+ 11. Qxf2 Qxb5 12. Ne4 O-O 13. Be3 Ne5 14.
O-O-O Nd3+ 15. Rxd3 Qxd3 16. Qf3 Qc4 17. Kb1 Rd8 18. Rd1 Rxd1+ 19. Qxd1 Qxe4+
20. Ka1 Bd7 0-1

[Event "18. Open de Gros 2008"]
[Site "San Sebastián ESP"]
[Date "2008.09.25"]
[Round "7.14"]
[White "Espin Laborde, Jesus Maria"]
[Black "Elduayen Etxabe, Inaki"]
[Result "1-0"]
[WhiteElo "1811"]
[BlackElo "1739"]
[PlyCount "129"]
[EventDate "2008.09.20"]
[EventType "swiss"]
[EventRounds "9"]
[EventCountry "ESP"]
[Source "lmi"]
[SourceDate "2008.09.20"]

1. e4 g6 2. d4 Bg7 3. Nf3 d6 4. h3 Nc6 5. Nc3 e5 6. d5 Nce7 7. Bg5 a6 8. Bd3
Nf6 9. a4 Nh5 10. Qd2 h6 11. Be3 f5 12. Qe2 fxe4 13. Bxe4 Bf5 14. Bxf5 Nxf5 15.
Rg1 Nxe3 16. Qxe3 Qf6 17. Ne4 Qf4 18. g3 Qxe3+ 19. fxe3 Rf8 20. Ke2 Kd7 21. c4
Rf7 22. Raf1 Raf8 23. Nh4 Nf6 24. Nxf6+ Rxf6 25. Rxf6 Rxf6 26. Rf1 Ke7 27. Rxf6
Kxf6 28. e4 h5 29. b4 Bh6 30. Nf3 Bc1 31. Ne1 g5 32. g4 h4 33. Nc2 Ke7 34. Kd3
Kd7 35. Ne1 c6 36. dxc6+ Kxc6 37. Nf3 Bf4 38. Kc3 b6 39. Ne1 Be3 40. Nd3 Bd4+
41. Kb3 Be3 42. b5+ axb5 43. cxb5+ Kc7 44. Kc4 Kd7 45. Kd5 Bd2 46. Nb2 Bb4 47.
Nc4 Bc5 48. a5 bxa5 49. Nxa5 Bb4 50. Nc4 Bc5 51. b6 Bb4 52. b7 Kc7 53. b8=Q+
Kxb8 54. Nxd6 Kc7 55. Nf7 Bc3 56. Nxg5 Kd7 57. Nf7 Ke7 58. Nxe5 Kf6 59. Nf3 Kg6
60. e5 Bb4 61. Ke6 Kg7 62. Kd7 Kf7 63. Nxh4 Kg7 64. Nf5+ Kg6 65. e6 1-0

[Event "18. Open de Gros 2008"]
[Site "San Sebastián ESP"]
[Date "2008.09.25"]
[Round "7.15"]
[White "Garro Beraza, Julen"]
[Black "Olabe Odriozola, Eduardo"]
[Result "1/2-1/2"]
[WhiteElo "1793"]
[BlackElo "1728"]
[PlyCount "56"]
[EventDate "2008.09.20"]
[EventType "swiss"]
[EventRounds "9"]
[EventCountry "ESP"]
[Source "lmi"]
[SourceDate "2008.09.20"]

1. Nf3 d5 2. g3 Bf5 3. Bg2 e6 4. O-O Nf6 5. d3 h6 6. h4 c5 7. Nbd2 Nc6 8. Re1
Be7 9. Nh2 Qc7 10. e4 dxe4 11. dxe4 Bg6 12. c3 O-O 13. Qe2 Rfd8 14. e5 Nd5 15.
Ndf3 a6 16. g4 b5 17. h5 Bh7 18. g5 hxg5 19. Nxg5 Bf5 20. Nhf3 Nb6 21. Nh4 Rac8
22. Be4 Qxe5 23. Nxf5 Bxg5 24. Bxg5 f6 25. f4 Qc7 26. Bxc6 exf5 27. Qe6+ Kh8
28. Bxf6 Rd6 1/2-1/2

[Event "18. Open de Gros 2008"]
[Site "San Sebastián ESP"]
[Date "2008.09.25"]
[Round "7.16"]
[White "Lazkano Gaite, Tomas"]
[Black "Gonzalez Pueyo, Patricia"]
[Result "0-1"]
[WhiteElo "1777"]
[BlackElo "1551"]
[PlyCount "90"]
[EventDate "2008.09.20"]
[EventType "swiss"]
[EventRounds "9"]
[EventCountry "ESP"]
[Source "lmi"]
[SourceDate "2008.09.20"]

1. e4 c5 2. Nf3 d6 3. d4 cxd4 4. Nxd4 Nf6 5. Nc3 a6 6. f3 e5 7. Nb3 Be6 8. g4
Nbd7 9. Be3 b5 10. Qd2 Nb6 11. O-O-O Be7 12. Kb1 b4 13. Qf2 Nc4 14. Bxc4 Bxc4
15. h4 bxc3 16. h5 cxb2 17. g5 Nd7 18. f4 Qc7 19. Qd2 Bxb3 20. axb3 a5 21. f5
a4 22. Kxb2 axb3 23. cxb3 Qa5 24. Qxa5 Rxa5 25. f6 gxf6 26. g6 hxg6 27. hxg6
Rxh1 28. g7 Rxd1 29. g8=Q+ Nf8 30. Qg4 Rda1 31. Qc8+ Bd8 32. Bb6 Ra8 33. Qc6+
Nd7 34. Be3 R1a2+ 35. Kc3 Ke7 36. Kd3 R2a7 37. b4 Ra6 38. Qc2 Ra3+ 39. Kc4 Rc8+
40. Bc5 dxc5 41. Kb5 Rb8+ 42. Kc6 cxb4 43. Qd2 Rc3+ 44. Qxc3 bxc3 45. Kd5 c2
0-1

[Event "18. Open de Gros 2008"]
[Site "San Sebastián ESP"]
[Date "2008.09.26"]
[Round "8.1"]
[White "Meijers, Viesturs"]
[Black "Ninov, Nikolai"]
[Result "1/2-1/2"]
[WhiteElo "2496"]
[BlackElo "2515"]
[PlyCount "133"]
[EventDate "2008.09.20"]
[EventType "swiss"]
[EventRounds "9"]
[EventCountry "ESP"]
[Source "lmi"]
[SourceDate "2008.09.20"]

1. d4 Nf6 2. Bg5 e6 3. e4 h6 4. Bxf6 Qxf6 5. c3 d6 6. Bd3 e5 7. Ne2 g6 8. O-O
Bg7 9. f4 exd4 10. Nxd4 O-O 11. Nd2 Nc6 12. Ne2 Bg4 13. Qe1 h5 14. h3 Bxe2 15.
Qxe2 Bh6 16. Rf2 Rae8 17. Qf3 Nd8 18. g4 hxg4 19. hxg4 g5 20. e5 Qg7 21. Ne4
gxf4 22. Nf6+ Kh8 23. Nxe8 Rxe8 24. Rh2 Kg8 25. Qh3 Qxe5 26. Qxh6 Qe3+ 27. Kh1
Qf3+ 28. Rg2 Qxd3 29. Qxf4 Qe3 30. Qf6 Nc6 31. Rf1 Qe6 32. Qh4 Ne5 33. b3 Kg7
34. Qg5+ Qg6 35. Qxg6+ Kxg6 36. Kh2 f6 37. Kg3 Nd3 38. Rh2 Nc5 39. Rfh1 Re3+
40. Kf4 Rxc3 41. Rh6+ Kf7 42. Rh7+ Ke6 43. Re1+ Kd5 44. Rf1 Nd3+ 45. Kf5 Ne5
46. Rf4 Rc2 47. Kxf6 Rxa2 48. Rxc7 Rf2 49. Kf5 Rb2 50. Rxb7 Nd3 51. Rf1 Nc5 52.
Rxa7 Rxb3 53. g5 Rg3 54. g6 Kc4 55. Rf4+ Kd5 56. g7 Nb3 57. Kf6 Nc5 58. Kf7
Rxg7+ 59. Kxg7 Ne6+ 60. Kf6 Nxf4 61. Ra5+ Ke4 62. Ra4+ Ke3 63. Kf5 Nd3 64. Rh4
d5 65. Ke6 d4 66. Kf5 Nf2 67. Rxd4 1/2-1/2

[Event "18. Open de Gros 2008"]
[Site "San Sebastián ESP"]
[Date "2008.09.26"]
[Round "8.2"]
[White "Marholev, Dimitar"]
[Black "Simutowe, Amon"]
[Result "1/2-1/2"]
[WhiteElo "2366"]
[BlackElo "2458"]
[PlyCount "62"]
[EventDate "2008.09.20"]
[EventType "swiss"]
[EventRounds "9"]
[EventCountry "ESP"]
[Source "lmi"]
[SourceDate "2008.09.20"]

1. c4 e6 2. Nc3 d5 3. cxd5 exd5 4. d4 c6 5. Bf4 Bd6 6. Bxd6 Qxd6 7. e3 Ne7 8.
Bd3 Bf5 9. Nf3 Nd7 10. O-O Bg4 11. h3 Bh5 12. Rb1 a5 13. a3 f5 14. Be2 O-O 15.
Nd2 Bg6 16. f4 Qe6 17. Kf2 b5 18. Nf3 Nf6 19. Ne5 Nc8 20. Kg1 Nd6 21. Bf3 Nc4
22. Re1 Rfb8 23. Qe2 Rb7 24. Ra1 Be8 25. b3 Nxa3 26. Rxa3 b4 27. Ra2 bxc3 28.
Nd3 Nd7 29. Qc2 Rab8 30. Nc1 h6 31. Qxc3 g5 1/2-1/2

[Event "18. Open de Gros 2008"]
[Site "San Sebastián ESP"]
[Date "2008.09.26"]
[Round "8.3"]
[White "Roldan Riaga, Roberto"]
[Black "Inkiov, Ventzislav"]
[Result "0-1"]
[WhiteElo "2028"]
[BlackElo "2446"]
[PlyCount "68"]
[EventDate "2008.09.20"]
[EventType "swiss"]
[EventRounds "9"]
[EventCountry "ESP"]
[Source "lmi"]
[SourceDate "2008.09.20"]

1. e4 c5 2. Nf3 Nc6 3. d4 cxd4 4. Nxd4 Nf6 5. Nc3 d6 6. Bg5 e6 7. Qd2 Be7 8. f4
h6 9. Bxf6 Bxf6 10. Ndb5 O-O 11. O-O-O Qa5 12. Nxd6 Rd8 13. Kb1 e5 14. Qf2 exf4
15. Rd5 Qc7 16. Ndb5 Qe7 17. Rxd8+ Qxd8 18. Nd5 Be5 19. Bd3 Qa5 20. Qe1 Qxe1+
21. Rxe1 a6 22. Nb6 Rb8 23. Nxc8 Rxc8 24. Na3 b5 25. Rd1 f3 26. gxf3 Bxh2 27.
Be2 Bf4 28. c3 h5 29. Nc2 h4 30. Nd4 h3 31. Bf1 h2 32. Bg2 Nxd4 33. Rxd4 Rc6
34. a4 Rg6 0-1

[Event "18. Open de Gros 2008"]
[Site "San Sebastián ESP"]
[Date "2008.09.26"]
[Round "8.5"]
[White "Spassov, Liuben"]
[Black "Sanz Perez, Eduardo"]
[Result "1-0"]
[WhiteElo "2428"]
[BlackElo "2154"]
[PlyCount "109"]
[EventDate "2008.09.20"]
[EventType "swiss"]
[EventRounds "9"]
[EventCountry "ESP"]
[Source "lmi"]
[SourceDate "2008.09.20"]

1. d4 e6 2. c4 Nf6 3. Nf3 b6 4. Nc3 Bb7 5. a3 Be7 6. d5 O-O 7. e4 exd5 8. cxd5
Re8 9. Bd3 c6 10. O-O cxd5 11. exd5 d6 12. Bf4 Nbd7 13. Rc1 Rc8 14. Re1 h6 15.
Bb1 a6 16. a4 Rc5 17. Be3 Rc8 18. h3 Ne5 19. Ba2 Nxf3+ 20. Qxf3 b5 21. axb5
axb5 22. Nxb5 Qa5 23. Na3 Bxd5 24. Bxd5 Nxd5 25. Bd4 Bf6 26. Rxe8+ Rxe8 27.
Bxf6 Nxf6 28. g3 d5 29. Qf5 Re1+ 30. Rxe1 Qxe1+ 31. Kg2 Qd2 32. Qc8+ Kh7 33.
Qc2+ Ne4 34. Qxd2 Nxd2 35. b4 Kg6 36. b5 Ne4 37. b6 Nc5 38. Kf3 Kf5 39. Ke3 Ke6
40. Nb5 Kd7 41. Nd4 Ne6 42. f4 Kc8 43. Nxe6 fxe6 44. Kd4 Kb7 45. Kc5 h5 46. f5
exf5 47. Kxd5 Kxb6 48. Ke5 g6 49. h4 Kc5 50. Kf6 Kd5 51. Kxg6 Ke4 52. Kg5 Ke5
53. Kxh5 Kf6 54. Kh6 f4 55. gxf4 1-0

[Event "18. Open de Gros 2008"]
[Site "San Sebastián ESP"]
[Date "2008.09.26"]
[Round "8.6"]
[White "Lakunza Oyarbide, Juan Carlos"]
[Black "Argandona Riveiro, Inigo"]
[Result "0-1"]
[WhiteElo "2122"]
[BlackElo "2375"]
[PlyCount "86"]
[EventDate "2008.09.20"]
[EventType "swiss"]
[EventRounds "9"]
[EventCountry "ESP"]
[Source "lmi"]
[SourceDate "2008.09.20"]

1. d4 d5 2. Nf3 Bg4 3. c4 Bxf3 4. gxf3 e6 5. Qb3 Nc6 6. cxd5 Qxd5 7. Qxd5 exd5
8. e3 Nd8 9. Rg1 g6 10. Nc3 c6 11. e4 Ne7 12. Bg5 Bg7 13. O-O-O f6 14. Be3 Ne6
15. h4 Rd8 16. Bh3 f5 17. Ne2 dxe4 18. fxe4 O-O 19. h5 Kf7 20. hxg6+ hxg6 21.
Kb1 Rh8 22. Bg2 fxe4 23. Bxe4 Rh4 24. Bc2 Bf6 25. d5 cxd5 26. Bxa7 Rb4 27. Bb3
b6 28. Nc3 Bxc3 29. bxc3 Rb5 30. Rh1 Ra8 31. Rh7+ Ng7 32. Kc2 Rxa7 33. c4 Rc5
34. Kd3 d4 35. Ke4 Nef5 36. Rh8 Re7+ 37. Kd3 Ne6 38. Rb8 Nf4+ 39. Kc2 d3+ 40.
Kc1 Re2 41. Rxb6 Nd4 42. Rh1 d2+ 43. Kd1 Nd3 0-1

[Event "18. Open de Gros 2008"]
[Site "San Sebastián ESP"]
[Date "2008.09.26"]
[Round "8.7"]
[White "Darrigues, Alain"]
[Black "Martin Alvarez, Inigo"]
[Result "0-1"]
[WhiteElo "2012"]
[BlackElo "2200"]
[PlyCount "74"]
[EventDate "2008.09.20"]
[EventType "swiss"]
[EventRounds "9"]
[EventCountry "ESP"]
[Source "lmi"]
[SourceDate "2008.09.20"]

1. d4 d5 2. c4 c6 3. Nf3 Nf6 4. Nc3 a6 5. e3 b5 6. cxd5 cxd5 7. Bd3 Bb7 8. O-O
e6 9. Ne5 Bd6 10. f4 O-O 11. Rf3 Nbd7 12. Rh3 g6 13. Bd2 Ne4 14. Be1 f6 15. Nf3
Qb6 16. Kh1 e5 17. fxe5 fxe5 18. Bxe4 dxe4 19. Qb3+ Kh8 20. Ng1 exd4 21. exd4
Nf6 22. Bh4 Rae8 23. Nge2 Ng4 24. Nd5 Bxd5 25. Qxd5 Rf5 26. Qb3 Ref8 27. Rd1 g5
28. Be1 Rf1+ 29. Ng1 Rxe1 30. Rxh7+ Kxh7 31. Qh3+ Kg7 32. Qxg4 Rxd1 33. Qxg5+
Kf7 34. Qh5+ Ke7 35. Qxd1 b4 36. Ne2 Qb5 37. Kg1 Qd3 0-1

[Event "18. Open de Gros 2008"]
[Site "San Sebastián ESP"]
[Date "2008.09.26"]
[Round "8.8"]
[White "Mitt, Hando"]
[Black "Maruejols, Claude"]
[Result "1-0"]
[WhiteElo "1826"]
[BlackElo "2044"]
[PlyCount "69"]
[EventDate "2008.09.20"]
[EventType "swiss"]
[EventRounds "9"]
[EventCountry "ESP"]
[Source "lmi"]
[SourceDate "2008.09.20"]

1. d4 Nf6 2. c4 g6 3. Nf3 Bg7 4. Nc3 d5 5. Bg5 Ne4 6. Bf4 Nxc3 7. bxc3 dxc4 8.
e4 O-O 9. Bxc4 c5 10. O-O Nc6 11. Bd5 Na5 12. dxc5 Bd7 13. Qc1 e6 14. Bb3 Bc6
15. Rd1 Qc8 16. Bc2 Bxc3 17. Bh6 Rd8 18. Qf4 Bg7 19. Bxg7 Kxg7 20. Ng5 Be8 21.
e5 Nc6 22. Ne4 Nd4 23. Bd3 Qc7 24. Nf6 Rac8 25. Ng4 Kf8 26. Qh6+ Ke7 27. Qxh7
Nf5 28. Qh8 Rd4 29. Bxf5 Rxd1+ 30. Rxd1 exf5 31. Qf6+ Kf8 32. Ne3 Qxc5 33. e6
Qc3 34. Rd4 Qe1+ 35. Nf1 1-0

[Event "18. Open de Gros 2008"]
[Site "San Sebastián ESP"]
[Date "2008.09.26"]
[Round "8.9"]
[White "Gonzalez Pueyo, Patricia"]
[Black "Olmo Vega, Diego"]
[Result "0-1"]
[WhiteElo "1551"]
[BlackElo "1978"]
[PlyCount "78"]
[EventDate "2008.09.20"]
[EventType "swiss"]
[EventRounds "9"]
[EventCountry "ESP"]
[Source "lmi"]
[SourceDate "2008.09.20"]

1. e4 c5 2. Nf3 Nc6 3. d4 cxd4 4. Nxd4 Nf6 5. Nc3 e5 6. Ndb5 d6 7. f3 a6 8. Na3
Be6 9. Be3 b5 10. Nd5 Bxd5 11. exd5 Ne7 12. c4 bxc4 13. Bxc4 Qa5+ 14. Bd2 Qd8
15. Bg5 Qa5+ 16. Bd2 Qd8 17. Bg5 Nd7 18. Qd2 f6 19. Be3 Nf5 20. Bf2 Be7 21. O-O
O-O 22. Bd3 Nh6 23. Be3 Nf7 24. Qf2 g6 25. Kh1 f5 26. g3 Bg5 27. Rg1 Bxe3 28.
Qxe3 Qa5 29. Rad1 Nc5 30. f4 Rfe8 31. g4 exf4 32. Qxf4 Nxd3 33. Rxd3 Re4 34.
Qf2 Ne5 35. Rb3 Qxd5 36. Qg2 Nxg4 37. Rf3 Rae8 38. h3 Re2 39. Rf2 Nxf2+ 0-1

[Event "18. Open de Gros 2008"]
[Site "San Sebastián ESP"]
[Date "2008.09.26"]
[Round "8.10"]
[White "Ezkerro Hernandez, Pablo"]
[Black "Espin Laborde, Jesus Maria"]
[Result "0-1"]
[WhiteElo "1836"]
[BlackElo "1811"]
[PlyCount "74"]
[EventDate "2008.09.20"]
[EventType "swiss"]
[EventRounds "9"]
[EventCountry "ESP"]
[Source "lmi"]
[SourceDate "2008.09.20"]

1. e4 c5 2. Nf3 d6 3. d4 cxd4 4. Nxd4 Nf6 5. Nc3 a6 6. f3 e6 7. Be3 b5 8. Qd2
Bb7 9. g4 Be7 10. g5 Nfd7 11. O-O-O Nb6 12. h4 N8d7 13. Qf2 Rc8 14. Kb1 b4 15.
Nce2 Nc4 16. Ng3 Nxe3 17. Qxe3 Qc7 18. Bd3 d5 19. Nge2 Bc5 20. Qd2 Qb6 21. Nb3
Be3 22. Qe1 a5 23. Nec1 a4 24. Nd2 a3 25. b3 Qc5 26. Ne2 Ne5 27. Rc1 Bxd2 28.
Qxd2 Nxf3 29. Qf4 dxe4 30. Bc4 Qe5 31. Qxe5 Nxe5 32. Bb5+ Ke7 33. Rcd1 Rcd8 34.
Kc1 Rxd1+ 35. Rxd1 Rd8 36. Rxd8 Kxd8 37. h5 Nf3 0-1

[Event "18. Open de Gros 2008"]
[Site "San Sebastián ESP"]
[Date "2008.09.26"]
[Round "8.11"]
[White "Zaballa Zarzosa, Jon"]
[Black "Tung, Siu Hung"]
[Result "1-0"]
[WhiteElo "1802"]
[BlackElo "1905"]
[PlyCount "73"]
[EventDate "2008.09.20"]
[EventType "swiss"]
[EventRounds "9"]
[EventCountry "ESP"]
[Source "lmi"]
[SourceDate "2008.09.20"]

1. e4 c6 2. d4 g6 3. Nc3 Bg7 4. Be3 Nf6 5. f3 d6 6. Qd2 h5 7. h4 Na6 8. Nge2 b5
9. Nf4 Nc7 10. Bd3 e5 11. Nh3 exd4 12. Bxd4 Ne6 13. Be3 Nd7 14. Ng5 Ndc5 15. a3
a5 16. Nd1 Ba6 17. Be2 Qc7 18. Nxe6 Nxe6 19. f4 Rd8 20. f5 gxf5 21. exf5 Nc5
22. Bd4 Bxd4 23. Qxd4 Kd7 24. Ne3 Rde8 25. O-O-O Ne4 26. Rhg1 Nf2 27. Rdf1 Ne4
28. Bf3 Ng3 29. Rd1 Rhg8 30. Kb1 b4 31. Rge1 bxa3 32. bxa3 c5 33. Qa4+ Kc8 34.
Nd5 Qb7+ 35. Ka1 Rxe1 36. Rxe1 Bb5 37. Qxa5 1-0

[Event "18. Open de Gros 2008"]
[Site "San Sebastián ESP"]
[Date "2008.09.26"]
[Round "8.12"]
[White "Izquierdo Arruferia, Joseba"]
[Black "Tung, Kai Ming"]
[Result "0-1"]
[WhiteElo "1763"]
[BlackElo "1989"]
[PlyCount "135"]
[EventDate "2008.09.20"]
[EventType "swiss"]
[EventRounds "9"]
[EventCountry "ESP"]
[Source "lmi"]
[SourceDate "2008.09.20"]

1. e4 e6 2. d4 d5 3. exd5 exd5 4. Nf3 Bd6 5. Bd3 Ne7 6. O-O Bg4 7. c3 c6 8. Re1
Qc7 9. h3 Bh5 10. Nbd2 Nd7 11. Qc2 O-O-O 12. b4 Bg6 13. a4 f6 14. Ba3 Kb8 15.
Nb3 Nb6 16. b5 Bxa3 17. Rxa3 Nc4 18. Ra2 Bxd3 19. Qxd3 Ng6 20. bxc6 Qxc6 21.
Nc5 Rhe8 22. Rb1 Re7 23. Nd2 Ka8 24. Nxc4 dxc4 25. Qg3 Qd6 26. Qxd6 Rxd6 27.
Rab2 b6 28. a5 Nf4 29. axb6 Rxb6 30. Kf1 Nd5 31. Rxb6 axb6 32. Na4 Kb7 33. g3
Kc6 34. Rc1 f5 35. Nb2 Kb5 36. Nd1 f4 37. gxf4 Nxf4 38. Ne3 Rc7 39. Rb1+ Ka6
40. h4 b5 41. Ra1+ Kb6 42. Ra8 Rd7 43. Rb8+ Kc6 44. Rc8+ Kb7 45. Rf8 Ne6 46.
Rf5 Nc7 47. Rh5 g6 48. Re5 h5 49. Rg5 Rd6 50. Ke1 Rf6 51. Ke2 Kc6 52. Kf1 Kd7
53. Nd5 Nxd5 54. Rxd5+ Kc6 55. Rc5+ Kb6 56. Rg5 Ka5 57. Ke2 Ka4 58. Ke3 Kb3 59.
Rxb5+ Kxc3 60. f4 Kc2 61. d5 Ra6 62. Rc5 c3 63. Ke2 Ra4 64. d6 Re4+ 65. Kf3 Rd4
66. Rc6 Kd2 67. d7 c2 68. Rc4 0-1

[Event "18. Open de Gros 2008"]
[Site "San Sebastián ESP"]
[Date "2008.09.26"]
[Round "8.13"]
[White "Zubia Aramburu, Mikel"]
[Black "Cotta Esnaola, Andoni"]
[Result "1-0"]
[WhiteElo "1901"]
[BlackElo "1762"]
[PlyCount "59"]
[EventDate "2008.09.20"]
[EventType "swiss"]
[EventRounds "9"]
[EventCountry "ESP"]
[Source "lmi"]
[SourceDate "2008.09.20"]

1. c4 e5 2. Nc3 Nf6 3. g3 Be7 4. Bg2 Nc6 5. Nf3 d6 6. d3 O-O 7. a3 Re8 8. O-O
Bg4 9. h3 Bf5 10. b4 Qd7 11. Kh2 Rab8 12. Bb2 a6 13. b5 axb5 14. cxb5 Na7 15.
a4 b6 16. d4 exd4 17. Nxd4 Qc8 18. Rc1 Bd7 19. Nd5 Nxd5 20. Bxd5 Bf6 21. Qc2
Bxh3 22. Rh1 Bxd4 23. Bxd4 Bf5 24. Qxc7 Qxc7 25. Rxc7 Nc8 26. Bxf7+ Kf8 27.
Bxe8 Kxe8 28. Rxg7 Ne7 29. Rc1 Kf8 30. Rc7 1-0

[Event "18. Open de Gros 2008"]
[Site "San Sebastián ESP"]
[Date "2008.09.26"]
[Round "8.14"]
[White "Boo Aldanondo, Alex"]
[Black "Bello Castano, Diego"]
[Result "1/2-1/2"]
[WhiteElo "1683"]
[BlackElo "1887"]
[PlyCount "101"]
[EventDate "2008.09.20"]
[EventType "swiss"]
[EventRounds "9"]
[EventCountry "ESP"]
[Source "lmi"]
[SourceDate "2008.09.20"]

1. e4 c6 2. Nf3 d5 3. e5 Bg4 4. d4 e6 5. Be2 Nd7 6. a3 c5 7. c3 Ne7 8. b4 cxd4
9. cxd4 Nc6 10. O-O Be7 11. Be3 O-O 12. Ne1 Bxe2 13. Qxe2 Nb6 14. Nd2 a5 15. b5
Na7 16. a4 Rc8 17. Nd3 Nc4 18. Rfc1 Nxe3 19. Qxe3 b6 20. f4 Kh8 21. g4 Qd7 22.
Qe1 Nxb5 23. axb5 Qxb5 24. Qe3 Qa6 25. Nb2 b5 26. Nb3 a4 27. Nc5 Qa7 28. Qc3
Rc6 29. Nbd3 Rfc8 30. Qa3 Qa5 31. Qb2 h6 32. Rab1 Rb8 33. Qb4 Qa7 34. Rc2 a3
35. Ra2 Ra6 36. Rb3 Ra4 37. Qc3 Rc4 38. Qa1 b4 39. Qb1 Rxd4 40. Raxa3 Bxc5 41.
Rxa7 Rxd3+ 42. Kg2 Rxb3 43. Qxb3 Bxa7 44. f5 Bd4 45. fxe6 fxe6 46. g5 Bc3 47.
gxh6 gxh6 48. Qc2 Rg8+ 49. Kh3 Rg5 50. Qf2 Rxe5 51. Qf8+ 1/2-1/2

[Event "18. Open de Gros 2008"]
[Site "San Sebastián ESP"]
[Date "2008.09.26"]
[Round "8.15"]
[White "Olabe Odriozola, Eduardo"]
[Black "Cantabrana Garona, Alejandro"]
[Result "1-0"]
[WhiteElo "1728"]
[BlackElo "1824"]
[PlyCount "41"]
[EventDate "2008.09.20"]
[EventType "swiss"]
[EventRounds "9"]
[EventCountry "ESP"]
[Source "lmi"]
[SourceDate "2008.09.20"]

1. e4 c5 2. Nc3 Nc6 3. Bc4 e6 4. f4 d6 5. Nf3 Nf6 6. d3 a6 7. a4 d5 8. exd5
exd5 9. Bb3 Be7 10. O-O O-O 11. Ne5 c4 12. dxc4 Bc5+ 13. Kh1 d4 14. Nd5 Nxe5
15. fxe5 Ng4 16. Bf4 h5 17. Qd2 Bd7 18. Bg5 f6 19. exf6 gxf6 20. Bxf6 Qe8 21.
Qg5+ 1-0

[Event "18. Open de Gros 2008"]
[Site "San Sebastián ESP"]
[Date "2008.09.26"]
[Round "8.16"]
[White "Veras Sanz, Jose Antonio"]
[Black "Garro Beraza, Julen"]
[Result "1-0"]
[WhiteElo "1671"]
[BlackElo "1793"]
[PlyCount "85"]
[EventDate "2008.09.20"]
[EventType "swiss"]
[EventRounds "9"]
[EventCountry "ESP"]
[Source "lmi"]
[SourceDate "2008.09.20"]

1. e4 c5 2. Nc3 Nc6 3. g3 g6 4. Bg2 Bg7 5. d3 d6 6. f4 e6 7. Nf3 Nge7 8. O-O
O-O 9. Be3 Nd4 10. e5 Nef5 11. Bf2 Nxf3+ 12. Qxf3 Nd4 13. Qd1 dxe5 14. fxe5
Bxe5 15. Ne4 f5 16. Nxc5 f4 17. c3 f3 18. cxd4 fxg2 19. Kxg2 Bxd4 20. Bxd4 Rxf1
21. Qxf1 Qxd4 22. Qf2 Qxf2+ 23. Kxf2 b6 24. Ne4 Ba6 25. Ke3 Rc8 26. Rd1 Rc2 27.
Rd2 Rxd2 28. Nxd2 Kf7 29. d4 Kf6 30. Ne4+ Kf5 31. h3 g5 32. b4 Bf1 33. h4 gxh4
34. gxh4 b5 35. Ng3+ Kg4 36. Nxf1 Kxh4 37. Kf4 h5 38. a3 Kh3 39. Kf3 h4 40. Nd2
Kh2 41. Ne4 h3 42. Kf2 a6 43. Ng5 1-0